Исследование условий образования океанических соляных отложений в особенности Стассфуртских соляных залежей (Запись № 7246870)

Подробности
000 -МАРКЕР
контрольное поле 02240nam0a22003611 4500
001 - ИДЕНТИФИКАТОР ЗАПИСИ
контрольное поле rc\3018562
005 - ИДЕНТИФИКАТОР ВЕРСИИ
контрольное поле 20250530013932.0
035 ## - ДРУГИЕ СИСТЕМНЫЕ НОМЕРА
Идентификатор записи (NLR Aleph) 007160774
100 ## - ДАННЫЕ ОБЩЕЙ ОБРАБОТКИ
Данные общей обработки 20110926d1936 |||y0rusy50 ca
101 1# - ЯЗЫК РЕСУРСА
Язык текста, звукозаписи и т.д. русский
Язык оригинала немецкий
102 ## - СТРАНА ПУБЛИКАЦИИ ИЛИ ПРОИЗВОДСТВА
Страна публикации Российская Федерация
105 ## - ПОЛЕ КОДИРОВАННЫХ ДАННЫХ: ТЕКСТОВЫЕ МАТЕРИАЛЫ, МОНОГРАФИЧЕСКИЕ
Кодированные данные о монографическом текстовом документе a z |||||
200 1# - ЗАГЛАВИЕ И СВЕДЕНИЯ ОБ ОТВЕТСТВЕННОСТИ
Основное заглавие Исследование условий образования океанических соляных отложений в особенности Стассфуртских соляных залежей
Первые сведения об ответственности Вант Гофф и В. Мейергоффер, Ян д'Анс, Е.Ф. Армстронг ... [и др.]
Последующие сведения об ответственности Под ред. Г. Прехта и Э. Когена
-- Пер. с нем. под ред. А.В. Николаева
-- [Предисл.: Н. Курнаков]
210 ## - ПУБЛИКАЦИЯ, РАСПРОСТРАНЕНИЕ И ДР.
Место издания, распространения и т.д. Ленинград
Имя издателя, распространителя и т. д. Онти. Химтеорет
Дата издания, распространения и т.д. 1936
Имя изготовителя тип. "Кр. печатник"
215 ## - ФИЗИЧЕСКАЯ ХАРАКТЕРИСТИКА
Специфическое обозначение материала и объем Переплет, XXIV, 344 с., 8 вкл. л. черт.
Другие сведения о физической характеристике ил., черт.
Размеры 23×15 см
300 ## - ОБЩИЕ ПРИМЕЧАНИЯ
Текст примечания На переплете загл.: "Океанические соляные отложения"
300 ## - ОБЩИЕ ПРИМЕЧАНИЯ
Текст примечания Доб. тит. л.: "Untersuchungen über die Bildungsverhältnisse der ozeanischen Salzablagerungen insbesondere des Stassfurter Salzlagers von J.H. van't Hoff und W. Meyerhoffer, J. d'Ans, E.F. Armstrong ... [и др.] Herausgegeben von Prof. Dr. H. Precht und Prof. Dr. Ernst Cohen. Neustassfurt. Utrecht. Mit einer Gedächtnissrede auf van't Hoff von Prof. Dr. Emil Fischer exz ... Leipzig. 1912. Akad. Verlagsgesellschaft m. b. H."
512 00 - ЗАГЛАВИЕ ОБЛОЖКИ
Заглавие обложки Океанические соляные отложения
513 00 - ЗАГЛАВИЕ НА ДОПОЛНИТЕЛЬНОМ ТИТУЛЬНОМ ЛИСТЕ
Заглавие на дополнительном титульном листе Untersuchungen über die Bildungsverhältnisse der ozeanischen Salzablagerungen insbesondere des Stassfurter Salzlagers
Язык заглавия немецкий
701 #1 - ИМЯ ЛИЦА - АЛЬТЕРНАТИВНАЯ ОТВЕТСТВЕННОСТЬ
Начальный элемент ввода Вант-Гофф
Часть имени, кроме начального элемента ввода Я.Г.
Расширение инициалов личного имени Якоб Генрих
701 #1 - ИМЯ ЛИЦА - АЛЬТЕРНАТИВНАЯ ОТВЕТСТВЕННОСТЬ
Начальный элемент ввода Мейергоффер
Часть имени, кроме начального элемента ввода В.
701 #1 - ИМЯ ЛИЦА - АЛЬТЕРНАТИВНАЯ ОТВЕТСТВЕННОСТЬ
Начальный элемент ввода д'Анс
Часть имени, кроме начального элемента ввода Я.
Расширение инициалов личного имени Ян
701 #1 - ИМЯ ЛИЦА - АЛЬТЕРНАТИВНАЯ ОТВЕТСТВЕННОСТЬ
Начальный элемент ввода Армстронг
Часть имени, кроме начального элемента ввода Е.Ф.
702 #1 - ИМЯ ЛИЦА - ВТОРИЧНАЯ ОТВЕТСТВЕННОСТЬ
Начальный элемент ввода Прехт
Часть имени, кроме начального элемента ввода Г.
Код отношения Редактор
702 #1 - ИМЯ ЛИЦА - ВТОРИЧНАЯ ОТВЕТСТВЕННОСТЬ
Начальный элемент ввода Коген
Часть имени, кроме начального элемента ввода Э.
Код отношения Редактор
702 #1 - ИМЯ ЛИЦА - ВТОРИЧНАЯ ОТВЕТСТВЕННОСТЬ
Начальный элемент ввода Николаев
Часть имени, кроме начального элемента ввода А.В.
Код отношения Редактор
702 #1 - ИМЯ ЛИЦА - ВТОРИЧНАЯ ОТВЕТСТВЕННОСТЬ
Начальный элемент ввода Курнаков
Часть имени, кроме начального элемента ввода Н.
Код отношения Автор введения, предисловия, примечания и т.п.
801 #0 - ИСТОЧНИК ЗАПИСИ
Страна Российская Федерация
Организация NLR
Правила каталогизации psbo
801 #1 - ИСТОЧНИК ЗАПИСИ
Страна Российская Федерация
Организация ELAR
Источник данных rusmarc
852 ## - МЕСТОНАХОЖДЕНИЕ И ШИФР ХРАНЕНИЯ
Идентификатор организации NLR
Шифр хранения (Call Number) 36-4/2070
942 ## - ДОПОЛНИТЕЛЬНЫЕ ЭЛЕМЕНТЫ ЗАПИСИ (АБИС)
Тип экземпляра АБИС Книга
980 ## - КОЛЛЕКЦИЯ
Название коллекции Национальная библиография
Экземпляры
Тип экземпляра Дата поступления Библиотека постоянного хранения Библиотека текущего хранения Место хранения Шифр хранения Штрих-код Статус экземпляра
Книга 26.10.2013 РНБ (Садовая) РНБ (Садовая) Русский книжный фонд -Главное здание, Ленинский читальный зал 36-4/2070 7160774-10